Dinámica y caracterización espacial de la población en el Gran Valparaíso /

Las características geodemográficas ayudan a comprender ciertos procesos antrópicos que se desarrollan en el territorio. Desde esta óptica, el trabajo que se presenta es una contribución de conocimiento de tales características en el Gran Valparaíso, particularmente de la dinámica demográfica y las...

Full description

Bibliographic Details
Main Author: Brignardello, Luigi Andre
Other Authors: Gómez Muñoz, Nancy, Castro, Consuelo
Format: Analitica de revista
Language:Spanish
Published: Santiago, Chile Pontificia Universidad Católica de Chile 1998
Subjects:

MARC

LEADER 00000cab a2200000 a 4500
001 040573
003 UAHC_CL
005 20170803124455.0
008 051006b xx j 000 1 spa
040 |a UAHC_CL  |c UAHC_CL  |d UAHC_CL 
100 1 |a Brignardello, Luigi Andre 
245 1 0 |a Dinámica y caracterización espacial de la población en el Gran Valparaíso /  |c Luigi Andre Brignardello, Nancy Gómez Muñoz, Consuelo Castro. 
260 |b Pontificia Universidad Católica de Chile  |c 1998  |a Santiago, Chile 
300 |a pp. 25-31 
500 |a En: Revista de geografía norte grande, n˚25, 1998. pp.25-31. ISSN 0379-8682 
500 |a En: Revista de geografía norte grande, n°25, 1998. pp.25-31. ISSN 0379-8682 
500 |a En: Revista de geografÌa norte grande, nç25, 1998. pp.25-31. ISSN 0379-8682 
520 |a Las características geodemográficas ayudan a comprender ciertos procesos antrópicos que se desarrollan en el territorio. Desde esta óptica, el trabajo que se presenta es una contribución de conocimiento de tales características en el Gran Valparaíso, particularmente de la dinámica demográfica y las condiciones de concentración de población y su composición etaria y por sexo.\Como resultado, se evidencian diferentes contrastes espaciales que tienen relación con las características socioeconómicas y funcionales al interior del conglomerado urbano. 
520 |a Las características geodemográficas ayudan a comprender ciertos procesos antrópicos que se desarrollan en el territorio. Desde esta óptica, el trabajo que se presenta es una contribución de conocimiento de tales características en el Gran Valparaíso, particularmente de la dinámica demográfica y las condiciones de concentración de población y su composición etaria y por sexo.\Como resultado, se evidencian diferentes contrastes espaciales que tienen relación con las características socioeconómicas y funcionales al interior del conglomerado urbano. 
651 4 |a VALPARAISO (CHILE) 
700 1 |a Gómez Muñoz, Nancy 
700 1 |a Castro, Consuelo 
700 1 |a Gómez Muñoz, Nancy 
759 |a PP115 
773 0 |t Revista de geografía norte grande  |w 040513 
900 |a REV. GEOGR. NORTE GD.-25/98 
942 |c REVA 
952 |0 0  |1 0  |4 0  |6 REV___GEOGR__NORTE_GD_25_98_000000000000000  |7 0  |8 General  |9 76338  |a BC  |b BC  |c General  |d 2017-08-03  |l 0  |o REV. GEOGR. NORTE GD.-25/98  |p FICTICIO6256  |r 2019-01-08 00:00:00  |t 1  |w 2017-08-03  |y REVA 
999 |c 40573  |d 40573